|
|
|
|
| LEADER |
01837nam a2200445 i 4500 |
| 001 |
EBC4580728 |
| 003 |
MiAaPQ |
| 005 |
20200520144314.0 |
| 006 |
m o d | |
| 007 |
cr cnu|||||||| |
| 008 |
160824t20162016nyuao ob 001 0 eng d |
| 020 |
|
|
|z 9780231176781
|
| 020 |
|
|
|a 9780231541633
|q (electronic bk.)
|
| 035 |
|
|
|a (MiAaPQ)EBC4580728
|
| 035 |
|
|
|a (Au-PeEL)EBL4580728
|
| 035 |
|
|
|a (CaPaEBR)ebr11242197
|
| 035 |
|
|
|a (CaONFJC)MIL984619
|
| 035 |
|
|
|a (OCoLC)951712421
|
| 040 |
|
|
|a MiAaPQ
|b eng
|e rda
|e pn
|c MiAaPQ
|d MiAaPQ
|
| 050 |
|
4 |
|a TX945.5.E44
|b .O63 2016
|
| 082 |
0 |
|
|a 647.95068
|2 23
|
| 100 |
1 |
|
|a Opazo, M. Pilar
|q (Maria Pilar),
|e author.
|
| 245 |
1 |
0 |
|a Appetite for innovation :
|b creativity and change at elBulli /
|c M. Pilar Opazo.
|
| 264 |
|
1 |
|a New York :
|b Columbia University Press,
|c 2016.
|
| 264 |
|
4 |
|c 2016
|
| 300 |
|
|
|a 1 online resource (336 pages) :
|b illustrations, photographs
|
| 336 |
|
|
|a text
|2 rdacontent
|
| 337 |
|
|
|a computer
|2 rdamedia
|
| 338 |
|
|
|a online resource
|2 rdacarrier
|
| 504 |
|
|
|a Includes bibliographical references and index.
|
| 588 |
|
|
|a Description based on print version record.
|
| 590 |
|
|
|a Electronic reproduction. Ann Arbor, MI : ProQuest, 2016. Available via World Wide Web. Access may be limited to ProQuest affiliated libraries.
|
| 610 |
2 |
0 |
|a elBulli (Restaurant)
|x History.
|
| 650 |
|
0 |
|a Organizational change.
|
| 650 |
|
0 |
|a Business incubators.
|
| 650 |
|
0 |
|a Creative destruction.
|
| 655 |
|
4 |
|a Electronic books.
|
| 776 |
0 |
8 |
|i Print version:
|a Opazo, M. Pilar, (Maria Pilar)
|t Appetite for innovation : creativity and change at elBulli.
|d New York : Columbia University Press, c2016
|h xii, 321 pages
|z 9780231176781
|w 2016006100
|
| 797 |
2 |
|
|a ProQuest (Firm)
|
| 856 |
4 |
0 |
|u https://ebookcentral.proquest.com/lib/matrademy/detail.action?docID=4580728
|z Click to View
|